Big dams : (Record no. 126044)

MARC details
000 -LEADER
fixed length control field 00650nam a22002177a 4500
005 - DATE AND TIME OF LATEST TRANSACTION
control field 20170124110004.0
010 ## - LIBRARY OF CONGRESS CONTROL NUMBER
LC control number A-423248
020 ## - INTERNATIONAL STANDARD BOOK NUMBER
Terms of availability 00.00
International Standard Book Number 81717690637
035 ## - SYSTEM CONTROL NUMBER
System control number A-423248
037 ## - SOURCE OF ACQUISITION
Source of stock number/acquisition Cen Lib/Ret
040 ## - CATALOGING SOURCE
Original cataloging agency DPL
Language of cataloging EN
082 ## - DEWEY DECIMAL CLASSIFICATION NUMBER
Classification number 363.7
Item number DHA
100 ## - MAIN ENTRY--PERSONAL NAME
Personal name Dhawan, B.D.
9 (RLIN) 16410
245 ## - TITLE STATEMENT
Title Big dams :
Statement of responsibility, etc by B.D. Dhawan
Remainder of title claims, counter claims /
260 ## - PUBLICATION, DISTRIBUTION, ETC. (IMPRINT)
Place of publication, distribution, etc New Delhi
Name of publisher, distributor, etc Commonwealth Publishers
Date of publication, distribution, etc 1990
270 ## - ADDRESS
City New Delhi
Address 4378/4B, ansari road, gali murari lal
Postal code 110002
300 ## - PHYSICAL DESCRIPTION
Extent xv, 207p.
Dimensions 21cm(Hb)
650 ## - SUBJECT ADDED ENTRY--TOPICAL TERM
Topical term or geographic name as entry element Big dams
9 (RLIN) 16411
650 ## - SUBJECT ADDED ENTRY--TOPICAL TERM
Topical term or geographic name as entry element Controversy
9 (RLIN) 16412
942 ## - ADDED ENTRY ELEMENTS (KOHA)
Source of classification or shelving scheme Dewey Decimal Classification
Koha item type English Books
Classification part 363.7
Call number suffix DHA
Holdings
Withdrawn status Lost status Damaged status Not for loan Home library Current library Date acquired Source of acquisition Cost, normal purchase price Total Checkouts Full call number Barcode Date last seen Copy number Cost, replacement price Price effective from Koha item type Public note
Written off       Central Library Central Library 24/06/2015 Cen Lib/Ret 0.00   363.7 DHA A-423248 24/06/2015 1 0.00 24/06/2015 English Books W/d List No. 6869/4 ; dtd 11/08/2020

© Delhi Public Library
Hit Counter
free hit counter